Click the Cartoon Alien Quiz Stats

 Plays Quiz Updated Mar 8, 2018

Challenge
Share
Tweet
Score 0/15 Timer 05:00
5 Plays Today
% Correct
Yoda
96.8%
Stitch
95.6%
Kang & Kodos
94.8%
Optimus Prime
91.8%
Marvin the Martian
91.5%
ALF
91.4%
Zoidberg
88.8%
Roger Smith
83.8%
% Correct
Great Gazoo
80.7%
Galactus
77%
Orbitty
73.2%
Zim
66.5%
J'onn J'onzz
66.5%
Mark Chang
60.8%
Zorak
60.6%

You're not logged in!

Compare scores with friends on all Sporcle quizzes.
Join for Free
OR
Log In

You Might Also Like...

Show Comments

Extras

Top Quizzes Today


Score Distribution

Your Account Isn't Verified!

In order to create a playlist on Sporcle, you need to verify the email address you used during registration. Go to your Sporcle Settings to finish the process.

Report this User

Report this user for behavior that violates our Community Guidelines.

Details: